Spain World Cup squads 1934-2022 - Statistics

General Stats
  • This quiz has been taken 287 times
  • The average score is 156 of 360
Answer Stats
No. Hint Uruguay 1930 % Correct
13 AI Andrés Iniesta
99%
6 AI Andrés Iniesta
99%
6 AI Andrés Iniesta
99%
6 AI Andrés Iniesta
99%
1 IC Iker Casillas
99%
1 IC Iker Casillas
99%
1 IC Iker Casillas
99%
1 IC Iker Casillas
99%
19 X Xavi
99%
8 X Xavi
99%
8 X Xavi
99%
8 X Xavi
99%
2 CT Curro Torres
98%
21 DV David Villa
98%
7 DV David Villa
98%
7 DV David Villa
98%
9 FT Fernando Torres
98%
9 FT Fernando Torres
98%
9 FT Fernando Torres
98%
11 FT Ferran Torres
98%
5 JT Juanfran Torres
98%
4 PT Pau Torres
98%
12 DdG David de Gea
97%
1 DdG David de Gea
97%
3 GP Gerard Piqué
95%
3 GP Gerard Piqué
95%
3 GP Gerard Piqué
95%
14 XA Xabi Alonso
95%
14 XA Xabi Alonso
95%
14 XA Xabi Alonso
95%
5 CP Carles Puyol
94%
5 CP Carles Puyol
94%
5 CP Carles Puyol
94%
17 RG Rodri García
94%
16 SB Sergio Busquets
94%
16 SB Sergio Busquets
94%
5 SB Sergio Busquets
94%
5 SB Sergio Busquets
94%
15 SR Sergio Ramos
94%
15 SR Sergio Ramos
94%
15 SR Sergio Ramos
94%
15 SR Sergio Ramos
94%
8 JA Joaquín Alonso
93%
26 P Pedri
93%
GA Gabriel Alonso
92%
4 PA Periko Alonso
92%
18 CF Cesc Fàbregas
90%
10 CF Cesc Fàbregas
90%
10 CF Cesc Fàbregas
90%
9 G Gavi
90%
18 PR Pedro Rodríguez
90%
11 PR Pedro Rodríguez
90%
3 JG Juanfran García
89%
17 K Koke
89%
8 K Koke
89%
8 K Koke
89%
7 AM Álvaro Morata
88%
21 DS David Silva
88%
21 DS David Silva
88%
21 DS David Silva
88%
10 RG Raúl González
88%
7 RG Raúl González
88%
7 RG Raúl González
88%
AS Alfonso Silva
87%
18 JA Jordi Alba
87%
18 JA Jordi Alba
87%
18 JA Jordi Alba
87%
16 R Rodri
87%
23 US Unai Simón
87%
12 VV Víctor Valdés
85%
4 NF Nacho Fernández
84%
3 EG Eric García
83%
22 JS Joaquín Sánchez
83%
17 JS Joaquín Sánchez
83%
11 LG Luis García
83%
2 DC Dani Carvajal
81%
20 DC Dani Carvajal
81%
11 JdP Javier de Pedro
81%
23 PR Pepe Reina
81%
23 PR Pepe Reina
81%
23 PR Pepe Reina
81%
23 PR Pepe Reina
81%
17 AA Álvaro Arbeloa
80%
22 I Isco
80%
13 MR Miguel Reina
80%
1 RS Robert Sánchez
80%
19 FL Fernando Llorente
79%
6 ML Marcos Llorente
79%
17 FH Fernando Hierro
78%
6 FH Fernando Hierro
78%
6 FH Fernando Hierro
78%
6 FH Fernando Hierro
78%
2 RA Raúl Albiol
78%
2 RA Raúl Albiol
78%
16 TS Tente Sánchez
78%
11 JC Joan Capdevila
77%
4 JMA Juan Manuel Asensi
77%
VA Vicente Asensi
77%
20 JM Javi Martínez
76%
4 JM Javi Martínez
76%
13 JM Juan Mata
76%
13 JM Juan Mata
76%
12 NW Nico Williams
76%
15 EM Eulogio Martínez
75%
9 MM Marcelino Martínez
75%
22 CA César Azpilicueta
73%
14 CA César Azpilicueta
73%
2 CA César Azpilicueta
73%
19 DC Diego Costa
73%
19 DC Diego Costa
73%
22 JN Jesús Navas
73%
9 RM Rodrigo Moreno
73%
7 FM Fernando Morientes
72%
9 FM Fernando Morientes
72%
20 MA Marco Asensio
72%
10 MA Marco Asensio
72%
24 AL Aymeric Laporte
71%
21 LE Luis Enrique
70%
21 LE Luis Enrique
70%
21 LE Luis Enrique
70%
15 RF Roberto Fernández
69%
16 AO Antonio Olmo
68%
21 DO Dani Olmo
68%
17 IA Iago Aspas
67%
9 PG Pep Guardiola
67%
7 SN Saúl Ñíguez
66%
10 TA Thiago Alcântara
66%
1 AZ Andoni Zubizarreta
65%
1 AZ Andoni Zubizarreta
65%
1 AZ Andoni Zubizarreta
65%
1 AZ Andoni Zubizarreta
65%
11 LV Lucas Vázquez
65%
14 AB Alejandro Balde
64%
5 AF Abelardo Fernández
63%
5 AF Abelardo Fernández
63%
25 AF Ansu Fati
63%
13 DR David Raya
63%
5 LdS Luis del Sol
63%
4 LdS Luis del Sol
63%
9 EB Emilio Butragueño
62%
9 EB Emilio Butragueño
62%
6 RMV Rafael Martín Vázquez
62%
13 KA Kepa Arrizabalaga
60%
2 MS Míchel Salgado
59%
20 SC Santi Cazorla
58%
4 CM Carlos Marchena
57%
4 CM Carlos Marchena
57%
17 FL Francisco López
57%
12 AL Antonio López
56%
16 MS Marcos Senna
53%
22 PS Pablo Sarabia
53%
17 YP Yeremy Pino
53%
4 IH Iván Helguera
52%
19 CS Carlos Soler
51%
PS Pedro Solé
51%
16 NM Nacho Monreal
50%
18 SG Sergio González
49%
10 JAR José Antonio Reyes
48%
21 LS Luis Suárez
48%
10 LS Luis Suárez
48%
13 SC Santiago Cañizares
47%
13 SC Santiago Cañizares
47%
19 SC Santiago Cañizares
47%
8 J Juanito Gómez
46%
7 J Juanito Gómez
46%
11 AP Alfonso Pérez
45%
12 AO Álvaro Odriozola
45%
20 MAN Miguel Ángel Nadal
45%
20 MAN Miguel Ángel Nadal
45%
20 MAN Miguel Ángel Nadal
45%
15 HG Hugo Guillamón
44%
NG Nando González
44%
CR César Rodríguez
43%
12 SB Sergi Barjuán
42%
12 SB Sergi Barjuán
42%
20 JG Juanito Gutiérrez
41%
21 M Míchel
41%
21 M Míchel
41%
14 DA David Albelda
40%
6 DA David Albelda
40%
16 GM Gaizka Mendieta
40%
2 AF Albert Ferrer
39%
2 AF Albert Ferrer
39%
18 AR Adelardo Rodríguez
38%
21 AR Adelardo Rodríguez
38%
2 MS Manuel Sanchís
37%
5 MS Manuel Sanchís
37%
6 ADS Alfredo Di Stéfano
36%
8 RB Rubén Baraja
35%
RH Rosendo Hernández
33%
10 FG Fernando Gómez
31%
17 JCV Juan Carlos Valerón
31%
10 DT Diego Tristán
30%
9 FG Francisco Gento
30%
11 FG Francisco Gento
30%
16 JMB José Mari Bakero
30%
10 JMB José Mari Bakero
30%
19 JS Julio Salinas
29%
19 JS Julio Salinas
29%
19 JS Julio Salinas
29%
3 MP Mariano Pernía
29%
18 GA Guillermo Amor
28%
2 JAC José Antonio Camacho
28%
3 JAC José Antonio Camacho
28%
15 JLC José Luis Caminero
28%
19 K Kiko
28%
14 IC Iván Campo
27%
17 MP Marcelino Pérez
27%
12 RA Rafael Alkorta
27%
18 RA Rafael Alkorta
27%
4 RA Rafael Alkorta
27%
22 PI Pablo Ibáñez
26%
10 S Santillana
26%
19 S Santillana
26%
8 AG Andoni Goikoetxea
25%
7 AG Andoni Goikoetxea
25%
17 JE Joseba Etxeberria
25%
22 JM José Molina
23%
8 JG Julen Guerrero
23%
8 JG Julen Guerrero
23%
12 AL Albert Luque
22%
15 CA Carlos Aguilera
22%
9 JAP Juan Antonio Pizzi
22%
22 JL Julen Lopetegui
21%
11 TB Txiki Begiristain
21%
21 ISJ Isidoro San José
20%
3 AA Agustín Aranzábal
18%
15 ER Enrique Romero
18%
14 FP Ferenc Puskás
18%
10 JMZ Jesús María Zamora
17%
23 PC Pedro Contreras
17%
13 R Ricardo
17%
RZ Ricardo Zamora
17%
16 AC Albert Celades
16%
11 JA Julio Alberto
16%
18 P Pirri
16%
18 P Pirri
16%
14 J Juanele
15%
9 Q Quini
15%
20 Q Quini
15%
15 C Chendo
14%
2 C Chendo
14%
5 VM Víctor Muñoz
14%
17 V Voro
14%
1 LA Luis Arconada
13%
1 LA Luis Arconada
13%
13 MJ Manuel Jiménez
13%
3 MJ Manuel Jiménez
13%
8 QSF Quique Sánchez Flores
13%
3 RG Rafael Gordillo
13%
6 RG Rafael Gordillo
13%
8 AA Amancio Amaro
12%
TZ Telmo Zarra
12%
10 FJC Francisco José Carrasco
11%
3 JO Jorge Otero
10%
16 FM Felipe Miñambres
9%
13 MA Miguel Ángel
9%
22 MA Miguel Ángel
9%
1 JAI José Ángel Iribar
8%
7 JAS Juan Antonio Señor
8%
4 PC Paco Camarasa
8%
7 D Dani
6%
22 JU Javier Urruticoechea
6%
21 JU Javier Urruticoechea
6%
13 JU Javier Urruticoechea
6%
19 JS José Santamaría
6%
20 M Manolo
6%
5 M Migueli
6%
AR Antoni Ramallets
5%
19 CR Carles Rexach
5%
2 AdlC Antonio de la Cruz
4%
17 G Gallego
4%
16 HR Hipólito Rincón
4%
12 QS Quique Setién
4%
17 RG Ricardo Gallego
4%
14 RG Ricardo Gallego
4%
11 RLU Roberto López Ufarte
4%
20 RC Rubén Cano
4%
14 AM Antonio Maceda
3%
4 AM Antonio Maceda
3%
EB Estanislau Basora
3%
3 FJU Francisco Javier Uría
3%
11 FV Francisco Villarroya
3%
5 IZ Ignacio Zoco
3%
IL Isidro Lángara
3%
12 JP Joaquín Peiró
3%
20 JP Joaquín Peiró
3%
7 JU José Ufarte
3%
11 JC Julio Cardeñosa
3%
7 MP Miguel Pardeza
3%
5 MT Miguel Tendillo
3%
18 RP Rafael Paz
3%
2 TR Tomás Reñones
3%
14 AG Alberto Górriz
2%
4 GA Genar Andrinúa
2%
JQ Jacinto Quincoces
2%
8 JG Jesús Garay
2%
9 JMS Jesús María Satrústegui
2%
22 JMO José Manuel Ochotorena
2%
6 JRA José Ramón Alexanko
2%
22 JAC Juan Carlos Ablanedo
2%
13 JCA Juan Carlos Ablanedo
2%
10 SG Sígfrid Gràcia
2%
AG Agustín Gaínza
1%
12 AG Antonio Guzmán
1%
22 CL Carlos Lapetra
1%
3 CC Carmelo Cedrún
1%
CE Ciriaco Errasti
1%
20 EO Eloy Olaya
1%
14 EL Eugenio Leal
1%
FS Federico Saiz
1%
11 FR Feliciano Rivilla
1%
14 FR Feliciano Rivilla
1%
16 FO Ferran Olivella
1%
FA Francisco Antúnez
1%
20 JS Joan Segarra
1%
1 JA José Araquistáin
1%
JLP José Luis Panizo
1%
19 JMF Josep Maria Fusté
1%
JA Juan Acuña
1%
JJN Juan José Nogués
1%
LM Luis Molowny
1%
LR Luis Regueiro
1%
13 P Pachín
1%
RL Rafael Lesmes
1%
18 RC Ramón Calderé
1%
12 SU Santiago Urquiaga
1%
SI Silvestre Igoa
1%
12 AB Antonio Betancort
0%
6 AB Antonio Biosca
0%
AP Antonio Puchades
0%
C Campanal I
0%
C Chacho
0%
CB Crisant Bosch
0%
3 ES Eladio Silvestre
0%
4 EC Enrique Collar
0%
15 ES Enrique Saura
0%
GC Guillermo Gorostiza
0%
IE Ignacio Eizaguirre
0%
6 JG Jesús Glaría
0%
JI José Iraragorri
0%
JJ José Juncosa
0%
JM José Muguerza
0%
JP José Parra
0%
JG Josep Gonzalvo
0%
L Lafuente
0%
LC Leonardo Cilaurren
0%
7 LME Luis María Echeberría
0%
LMS Luis Marín Sabater
0%
15 M Marañón
0%
MG Marià Gonzalvo
0%
MM Martín Marculeta
0%
MV Martí Ventolrà
0%
22 MV Martí Vergés
0%
18 PU Pedro Uralde
0%
RZ Ramón Zabalo
0%
2 SS Salvador Sadurní
0%
16 SR Severino Reija
0%
15 SR Severino Reija
0%
SL Simón Lecue
0%
No matching quizzes found
Score Distribution
Percent of People with Each Score
Percentile by Number Answered
Your Score History
You have not taken this quiz